Fête de Christophe Colomb (Record no. 125309)

MARC details
000 -LEADER
campo de control de longitud fija 01101nam a2200253 i 4500
001 - NÚMERO DE CONTROL
campo de control 125309
003 - IDENTIFICADOR DE NÚMERO DE CONTROL
campo de control ES-MaACL
005 - FECHA Y HORA DE LA ÚLTIMA TRANSACCIÓN
campo de control 20240528062845.0
007 - CAMPO FIJO DE DESCRIPCIÓN FÍSICA--INFORMACIÓN GENERAL
campo de control de longitud fija t|
008 - DATOS DE LONGITUD FIJA--INFORMACIÓN GENERAL
campo de control de longitud fija 070601s1922 fr |||| | fre d
245 00 - MENCIÓN DEL TÍTULO
Título Fête de Christophe Colomb
Resto del título : 12 octobre 1922.
260 ## - PUBLICACIÓN, DISTRIBUCIÓN, ETC.
Lugar de publicación, distribución, etc. Paris :
Nombre del editor, distribuidor, etc. Bibliothèque de L'Association,
Fecha de publicación, distribución, etc. [1922]
300 ## - DESCRIPCIÓN FÍSICA
Extensión 68 p. ;
Dimensiones 20 cm.
505 8# - NOTA DE CONTENIDO CON FORMATO
Nota de contenido con formato Contiene: Christophe Colomb: drame en vers en un acte (2 tableaux) / Fernand Clerget ; Isabelle de Castille / Madeleine Lépine ; Les trois jours de Colomb / Casimir Delavigne ; Lettre sur son voyage / Christophe Colomb ; Le triomphe de Colomb / Lope de Vega ; La mort de Colomb / Washington Irving
600 14 - PUNTO DE ACCESO ADICIONAL DE MATERIA--NOMBRE DE PERSONA
Nombre de persona Colón, Cristóbal-
Subdivisión de forma Aniversarios y centenarios.
9 (RLIN) 166344
700 1# - ENTRADA AGREGADA--NOMBRE PERSONAL
Nombre de persona Clerget, Fernand.
9 (RLIN) 39222
700 1# - ENTRADA AGREGADA--NOMBRE PERSONAL
Nombre de persona Lépine, Madeleine.
9 (RLIN) 71725
700 1# - ENTRADA AGREGADA--NOMBRE PERSONAL
Nombre de persona Delavigne, Casimir.
9 (RLIN) 43338
700 1# - ENTRADA AGREGADA--NOMBRE PERSONAL
Nombre de persona Colón, Cristóbal.
9 (RLIN) 39869
700 1# - ENTRADA AGREGADA--NOMBRE PERSONAL
Nombre de persona Vega, Lope de,
Fechas asociadas al nombre 1562-1635
9 (RLIN) 113563
700 0# - ENTRADA AGREGADA--NOMBRE PERSONAL
Nombre de persona Irving, Washington,
Fechas asociadas al nombre 1783-1859
9 (RLIN) 65506
852 ## - LOCALIZACIÓN
Ubicación ES-MaACL
Número de control de estantería 1640-F-4
Holdings
Estatus retirado Estado de pérdida Estado de daño No para préstamo Colección Biblioteca de origen Biblioteca actual Ubicación en estantería Fecha de adquisición Fuente de adquisición Total de préstamos Signatura topográfica completa Código de barras Visto por última vez Precio de reemplazo Tipo de ítem Koha
        Colección de folletos Biblioteca del Ateneo de Madrid Biblioteca del Ateneo de Madrid Depósito folletos 17/01/2008     1640-F-4 1130543 23/02/2023 23/02/2023 Folleto